000 01032nam a2200313 4500
003 EG-GICUC
005 20260308123300.0
008 260308b1999 fr ||||fr|||| 00| 0 fre d
020 _a2913397131
040 _aEG-GiCUC
_bfre
_cEG-GiCUC
_dEG-GiCUC
_eRda
041 _afre
082 0 4 _221
_a341
_bDU. D
092 0 4 _221
099 _aLaw1 11 341 DU. D 1999
100 1 _a Dupuy, Pierre-marie
_eAuteur
245 1 _aDroit International Et Droit Interne Dans La Jurisprudence Comparée Du Conseil Constitutionnel Et Du Conseil D'état /
_cPierre-marie Dupuy.
264 _aParis:
_bUniversité Pantheon-assas,
_c1999.
300 _a128 page;
_c 24 cm.
336 _2rda contenu
_a texte
337 _2rda medias
_aOrdinateur
338 _2 transporteur rda
_a Ressource en ligne
546 _aTexte en français
650 1 _2Droit international public
650 1 _2Droit International
651 1 _2qrmak
856 4 0 _uhttps://fll.law.cu.edu.eg/fulltext/bks/B11-06594.pdf
905 _a72
942 _2ddc
_cBK
_e21
_n0
999 _c65829
_d65829